Developing sustainable planned communities (Registro nro. 38811)
[ vista simple ]
| 000 -ENCABEZADO | |
|---|---|
| Número de control [NR] | 01431nam a2200325Ia 4500 |
| 008 - DE LONGITUD FIJA DE DATOS DE ELEMENTOS - INFORMACIÓN GENERAL | |
| Elementos de longitud fija [NR] | 130821s2007 xxua gr eng |
| 020 ## - NUMERO INTERNACIONAL NORMALIZADO PARA LIBROS [R] | |
| Número Internacional Normalizado del libro [NR] | 9780874209914 |
| 040 ## - FUENTE DE CATALOGACION [NR] | |
| Agencia de catalogación original [NR] | Co-BoUCM |
| Idioma de catalogación [NR] | spa |
| 041 00 - CODIGO DE IDIOMA [R] | |
| Código de idioma para texto/pista de sonido o título separado [R] | Inglés |
| 245 00 - MENCION DE TITULO [NR] | |
| Título [NR] | Developing sustainable planned communities |
| Mención de responsabilidad, etc. [NR] | editor Jo Allen Gause ; Richard Franko ... [y otros autores]. |
| 260 ## - PUBLICACION, DISTRIBUCION, ETC. (PIE DE IMPRENTA) [R] | |
| Lugar de publicación, distribución, etc. [R] | Washington D.C. (Estados Unidos) |
| Nombre del editor, distribuidor, etc. [R] | Urban Land Institute |
| Fecha de publicación, distribución, etc. [R] | 2007 |
| 300 ## - DESCRIPCION FISICA [R] | |
| Extensión [R] | ix, 221 páginas |
| Otros detalles físicos [NR] | ilustraciones, color |
| 505 0# - NOTA DE CONTENIDO CON FORMATO PREESTABLECIDO [R] | |
| Nota de contenido con formato preestablecido [NR] | Sustainable from the start -- Integrated site planning and design -- The costs and benefits of sustainable development -- Green building design -- Maintaining sustainability -- Case studies. |
| 650 04 - ASIENTO SECUNDARIO DE MATERIA - TERMINO TEMATICO [R] | |
| Término temático o nombre geográfico como elemento de entrada [NR] | Desarrollo de la comunidad |
| 9 (RLIN) | 12938 |
| 650 04 - ASIENTO SECUNDARIO DE MATERIA - TERMINO TEMATICO [R] | |
| Término temático o nombre geográfico como elemento de entrada [NR] | Desarrollo sostenible |
| 9 (RLIN) | 12992 |
| 650 04 - ASIENTO SECUNDARIO DE MATERIA - TERMINO TEMATICO [R] | |
| Término temático o nombre geográfico como elemento de entrada [NR] | Sociología |
| 9 (RLIN) | 386 |
| 650 04 - ASIENTO SECUNDARIO DE MATERIA - TERMINO TEMATICO [R] | |
| Término temático o nombre geográfico como elemento de entrada [NR] | Urbanismo |
| Subdivisión de forma [R] | Aspectos sociales |
| 9 (RLIN) | 8216 |
| 700 1# - ASIENTO SECUNDARIO - NOMBRE PERSONAL [R] | |
| Nombre personal [NR] | Franko, Richard |
| 9 (RLIN) | 159821 |
| 700 1# - ASIENTO SECUNDARIO - NOMBRE PERSONAL [R] | |
| Nombre personal [NR] | Gause, Jo Allen |
| Término de relación [R] | |
| 9 (RLIN) | 159822 |
| 700 1# - ASIENTO SECUNDARIO - NOMBRE PERSONAL [R] | |
| Nombre personal [NR] | Heid, Jim |
| 9 (RLIN) | 159823 |
| 700 1# - ASIENTO SECUNDARIO - NOMBRE PERSONAL [R] | |
| Nombre personal [NR] | Kellenberg, Steven |
| 9 (RLIN) | 159824 |
| 700 1# - ASIENTO SECUNDARIO - NOMBRE PERSONAL [R] | |
| Nombre personal [NR] | Kingsbury, Jeff |
| 9 (RLIN) | 159825 |
| 700 1# - ASIENTO SECUNDARIO - NOMBRE PERSONAL [R] | |
| Nombre personal [NR] | McMahon, Edward T. |
| 9 (RLIN) | 159826 |
| 700 1# - ASIENTO SECUNDARIO - NOMBRE PERSONAL [R] | |
| Nombre personal [NR] | Schweitzer, Judi G. |
| 9 (RLIN) | 159827 |
| 700 1# - ASIENTO SECUNDARIO - NOMBRE PERSONAL [R] | |
| Nombre personal [NR] | Slone, Daniel K. |
| 9 (RLIN) | 159828 |
| 710 2# - ASIENTO SECUNDARIO - NOMBRE CORPORATIVO [R] | |
| Nombre corporativo o de jurisdicción como elemento de entrada [NR] | Urban Land Institute. |
| 9 (RLIN) | 44572 |
| 856 4# - LOCALIZACION Y ACCESO ELECTRONICOS [R] | |
| Nota dirigida al público [R] | Consulte las tablas de contenido haciendo clic aquí |
| Identificador Uniforme del Recurso (“URI”) [R] | <a href="http://www.loc.gov/catdir/toc/ecip0718/2007020428.html">http://www.loc.gov/catdir/toc/ecip0718/2007020428.html</a> |
| 942 ## - ELEMENTOS DE ENTRADA AGREGADOS (KOHA) | |
| Tipo de ítem principal el descrito en 300a | Libro |
| Tema principal | Sociología |
| Edición | 1 |
| Parte restante de la signatura top. | D489 |
| Sistema de clasificación | DEWEY |
| Clasificación | 307.768 |
| Fecha de último préstamo | Total préstamos | Signatura topográfica | Código de barras | Última vez visto | Ejemplar | Price effective from | Tipo de ítem | Perdido | Sistema de clasificación | Dañado | No prestable | Tipo de ítem específico | Suprimido | Ubicación habitual | Ubicación actual | Localización | Fecha de creación | Forma de adquisición | Costo |
|---|---|---|---|---|---|---|---|---|---|---|---|---|---|---|---|---|---|---|---|
| 22/04/2025 | 2 | 307.768 D489 | 100127067 | 10/12/2025 | Ej.1 | 03/02/2013 | Libro | DEWEY | Libro | Claustro | Claustro | 2do piso | 28/02/2013 | Compra | 179000.00 |